000 00690nam a2200289Ia 4500
005 20260324131317.0
008 008 260324s9999 xx 000 0 eng d
020 _a9781410613318
037 _aEBOOK
040 _aCRL
040 _beng
040 _cCRL
041 _2eng
041 _aeng
084 _qCRL
100 _aPedro Pedraza; Melissa Rivera
_91185032
245 0 _aLatino Education
245 3 _bAn Agenda for Community Action Research
260 _bTaylor and Francis
260 _c2006
365 _a
365 _b290
856 _uhttp://www.taylorfrancis.com/books/9781410613318
942 _cEBOOK
999 _c1782056
_d1782056